| 000 | 00378nam a22001217a 4500 | ||
|---|---|---|---|
| 008 | 160422b xxu||||| |||| 00| 0 eng d | ||
| 020 | _a9780803620681 | ||
| 020 | _a080803620681 | ||
| 041 | _aeng | ||
| 080 | _a618.2 | ||
| 245 |
_aComprehensive handbook of laboratory and diagnostic tests with nursing implications: _cAnne M. Van Leeuwen; Debra J. Poelhuis Leth; |
||
| 942 |
_2udc _cBK |
||
| 999 |
_c1503 _d1503 |
||